[Event "52nd Sparkassen Open A"]
[Site "Dortmund GER"]
[Date "2025.08.02"]
[Round "1.1"]
[White "Kersten, Uwe"]
[Black "Bluebaum, Matthias"]
[Result "0-1"]
[WhiteTitle "IM"]
[BlackTitle "GM"]
[WhiteElo "2169"]
[BlackElo "2660"]
[WhiteFideId "4615646"]
[BlackFideId "24651516"]
[EventDate "2025.08.02"]

1. e4 c6 2. d4 d5 3. e5 Bf5 4. h4 h5 5. Bd3 Bxd3 6. Qxd3 Qa5+ 7. Nd2 e6 8. Nf3
Nh6 9. O-O Nf5 10. c4 Be7 11. g3 O-O 12. Rd1 Rd8 13. Qe2 Qa6 14. b3 c5 15. dxc5
Nc6 16. Bb2 Bxc5 17. Kf1 Nb4 18. Ng5 dxc4 19. Nxc4 Qc6 20. Ne4 Nd5 21. Qf3 Nde3+
22. Nxe3 Bxe3 23. Kg2 Qc2 24. Rxd8+ Rxd8 25. Ba3 Rd3 26. Qxh5 Rd4 0-1

[Event "52nd Sparkassen Open A"]
[Site "Dortmund GER"]
[Date "2025.08.02"]
[Round "1.2"]
[White "Kollars, Dmitrij"]
[Black "Starosta, Martyna"]
[Result "1-0"]
[WhiteTitle "GM"]
[BlackTitle "WFM"]
[WhiteElo "2644"]
[BlackElo "2173"]
[WhiteFideId "12909572"]
[BlackFideId "21818754"]
[EventDate "2025.08.02"]

1. e4 c5 2. Nf3 e6 3. d4 cxd4 4. Nxd4 Nf6 5. Bd3 Nc6 6. Nxc6 bxc6 7. O-O d5 8.
Nd2 Be7 9. Re1 O-O 10. e5 Nd7 11. c4 a5 12. Nf3 Ba6 13. Qc2 g6 14. Bh6 Re8 15.
Rad1 Qb6 16. h4 Nc5 17. Bf1 Rab8 18. b3 a4 19. Rb1 axb3 20. axb3 Ne4 21. Be3 Qb7
22. Ra1 Ra8 23. h5 Bb4 24. Rec1 Reb8 25. Bd3 Bc5 26. Bxe4 Bxe3 27. fxe3 dxe4 28.
Qxe4 c5 29. Qf4 Qxb3 30. Ng5 Qb7 31. Rcb1 Qxb1+ 32. Rxb1 Rxb1+ 33. Kh2 Rb7 34.
h6 1-0

[Event "52nd Sparkassen Open A"]
[Site "Dortmund GER"]
[Date "2025.08.02"]
[Round "1.3"]
[White "Wu, Kaige"]
[Black "Wagner, Dennis"]
[Result "0-1"]
[BlackTitle "GM"]
[WhiteElo "2172"]
[BlackElo "2617"]
[WhiteFideId "8625417"]
[BlackFideId "24650684"]
[EventDate "2025.08.02"]

1. e4 c5 2. Nf3 d6 3. d4 cxd4 4. Nxd4 Nf6 5. f3 e5 6. Nb3 Be6 7. c4 Nbd7 8. Be3
Rc8 9. Nc3 Bxc4 10. Bxc4 Rxc4 11. Bxa7 b6 12. Rc1 d5 13. Nxd5 Rxc1 14. Nxf6+
gxf6 15. Qxc1 Nc5 16. Qc4 Qc7 17. Qb5+ Nd7 18. Qa4 Bd6 19. O-O Ke7 20. Rc1 Qb7
21. Rc6 Ra8 22. Qb5 Rxa7 23. Qd5 Qb8 24. a3 Nc5 25. Nd2 Ne6 26. Rc1 Bc5+ 27. Kh1
Rd7 28. Qc4 Rxd2 29. b4 Qg8 30. g3 Qg5 31. Rf1 Qh5 32. h4 Qg6 33. g4 Qh6 34. h5
Qf4 0-1

[Event "52nd Sparkassen Open A"]
[Site "Dortmund GER"]
[Date "2025.08.02"]
[Round "1.4"]
[White "Ganguly, Surya Shekhar"]
[Black "Turel, Tugrul"]
[Result "1-0"]
[WhiteTitle "GM"]
[WhiteElo "2566"]
[BlackElo "2130"]
[WhiteFideId "5002150"]
[BlackFideId "26338408"]
[EventDate "2025.08.02"]

1. Nf3 d5 2. e3 Nf6 3. c4 c6 4. Nc3 e6 5. b3 Nbd7 6. Bb2 Bd6 7. d4 O-O 8. Be2 b6
9. O-O Bb7 10. Bd3 dxc4 11. bxc4 c5 12. d5 exd5 13. cxd5 Qe7 14. e4 Ne5 15. Re1
Nfg4 16. Nxe5 Nxe5 17. Be2 Ng6 18. g3 Be5 19. Bf1 f5 20. exf5 Qf6 21. Qc2 Ne7
22. Ne4 Qxf5 23. Bxe5 Qxe5 24. Nxc5 Qc7 25. d6 Qxc5 26. Qxc5 bxc5 27. dxe7 Rfe8
28. Bc4+ Kh8 29. Bb5 1-0

[Event "52nd Sparkassen Open A"]
[Site "Dortmund GER"]
[Date "2025.08.02"]
[Round "1.5"]
[White "Nezhyvenko, Mykhailo"]
[Black "Engel, Luis"]
[Result "0-1"]
[BlackTitle "GM"]
[WhiteElo "2169"]
[BlackElo "2548"]
[WhiteFideId "34139885"]
[BlackFideId "12961523"]
[EventDate "2025.08.02"]

1. e4 c5 2. Nf3 d6 3. Bb5+ Nd7 4. a4 Nf6 5. Nc3 g6 6. a5 Bg7 7. O-O a6 8. Be2
O-O 9. h3 b5 10. axb6 Bb7 11. d3 Qxb6 12. Bd2 Bc6 13. b3 Ne8 14. Ra2 Nc7 15. Na4
Qb7 16. Bc3 e5 17. Nb2 Nb5 18. Bd2 Nb6 19. Nc4 Nxc4 20. bxc4 Nc7 21. Qc1 Ne6 22.
Bh6 f5 23. Bxg7 Nf4 24. Qxf4 exf4 25. Bxf8 fxe4 26. Bxd6 exf3 27. Bxf3 Bxf3 28.
gxf3 Qxf3 29. Kh2 Re8 30. Raa1 Re2 31. Bxc5 Qg3+ 0-1

[Event "52nd Sparkassen Open A"]
[Site "Dortmund GER"]
[Date "2025.08.02"]
[Round "1.6"]
[White "Jumabayev, Rinat"]
[Black "Dinanath, Hrdya"]
[Result "1-0"]
[WhiteTitle "GM"]
[BlackTitle "CM"]
[WhiteElo "2556"]
[BlackElo "2167"]
[WhiteFideId "13702661"]
[BlackFideId "1087991"]
[EventDate "2025.08.02"]

1. Nf3 d5 2. g3 Nf6 3. Bg2 e6 4. c4 Be7 5. d4 O-O 6. Nc3 dxc4 7. Ne5 Nc6 8. Bxc6
bxc6 9. Nxc6 Qe8 10. Nxe7+ Qxe7 11. Qa4 c5 12. dxc5 Qxc5 13. Be3 Qc7 14. O-O-O
Bb7 15. f3 Nd5 16. Bd4 e5 17. Nxd5 Bxd5 18. Bc3 Be6 19. Qa3 e4 20. fxe4 Qc6 21.
Rd4 Bg4 22. Qd6 Qxd6 23. Rxd6 Bxe2 24. h3 Rfe8 25. e5 Bh5 26. Rf1 Bg6 27. Rf4
Rac8 28. Rd7 a6 29. Rd6 a5 30. a4 Rc5 31. Bd4 Rc7 32. Rd5 Ra8 33. Bb6 Rc6 34.
Rxa5 Rb8 35. Bd4 h6 36. Rb5 Rd8 37. a5 Bd3 38. Rb6 Rc7 39. Rd6 Ra8 40. Bc3 Rb7
41. b4 Rb5 42. Rd7 Rf8 43. a6 Rb6 44. Rd6 Rb5 45. e6 fxe6 46. Rxf8+ Kxf8 47.
Rxd3 1-0

[Event "52nd Sparkassen Open A"]
[Site "Dortmund GER"]
[Date "2025.08.02"]
[Round "1.7"]
[White "Arsenie, Cristian Marc"]
[Black "Vogel, Roven"]
[Result "1-0"]
[BlackTitle "GM"]
[WhiteElo "2167"]
[BlackElo "2551"]
[WhiteFideId "1345923"]
[BlackFideId "12908088"]
[EventDate "2025.08.02"]

1. e4 c5 2. Nf3 e6 3. d4 cxd4 4. Nxd4 Nc6 5. Nc3 a6 6. a3 Qc7 7. Be3 Nf6 8. f4
d6 9. Qf3 Be7 10. O-O-O h5 11. Be2 Bd7 12. Kb1 Rb8 13. h3 h4 14. g4 hxg3 15.
Qxg3 g6 16. f5 gxf5 17. exf5 Nxd4 18. Rxd4 e5 19. Rd2 Bxf5 20. Rf1 Rxh3 21. Qg2
Be6 22. Bg5 Rxc3 23. Bxf6 Rc5 24. Bh5 Rc8 25. Bxe7 Qxe7 26. Rdf2 Kf8 27. Qg6
R5c7 28. Qh6+ Ke8 29. Rxf7 Bxf7 30. Rxf7 Qxf7 31. Qe6+ 1-0

[Event "52nd Sparkassen Open A"]
[Site "Dortmund GER"]
[Date "2025.08.02"]
[Round "1.8"]
[White "Xiao, Tong(QD)"]
[Black "Darrigrand, Mathieu"]
[Result "1-0"]
[WhiteTitle "GM"]
[WhiteElo "2539"]
[BlackElo "2164"]
[WhiteFideId "8622388"]
[BlackFideId "45172056"]
[EventDate "2025.08.02"]

1. e4 c5 2. Nf3 Nc6 3. Nc3 e6 4. d4 cxd4 5. Nxd4 Bc5 6. Nb3 Bb6 7. Bf4 e5 8. Bg3
h5 9. h3 h4 10. Bh2 Nf6 11. Qd2 d6 12. O-O-O Nd4 13. Nxd4 Bxd4 14. Nb5 O-O 15.
Nxd4 exd4 16. Qxd4 Be6 17. Bxd6 Re8 18. e5 Nd7 19. Kb1 Qa5 20. a3 Rac8 21. Bd3
Rc6 22. Qxh4 g6 23. Qd4 Rec8 24. h4 Rb6 25. h5 Nc5 26. hxg6 fxg6 27. Qh4 Rxb2+
28. Kxb2 Qb6+ 29. Ka1 1-0

[Event "52nd Sparkassen Open A"]
[Site "Dortmund GER"]
[Date "2025.08.02"]
[Round "1.9"]
[White "Aravindhan, Achyuth"]
[Black "Gavrilescu, David"]
[Result "1/2-1/2"]
[WhiteTitle "CM"]
[BlackTitle "GM"]
[WhiteElo "2163"]
[BlackElo "2531"]
[WhiteFideId "1084216"]
[BlackFideId "1227190"]
[EventDate "2025.08.02"]

1. e4 c5 2. Nf3 d6 3. d4 cxd4 4. Nxd4 Nf6 5. Nc3 a6 6. Bd3 e5 7. Nde2 Nc6 8. O-O
Be6 9. f4 exf4 10. Nxf4 Ne5 11. Ncd5 Bxd5 12. Nxd5 Nxd5 13. exd5 g6 14. Be3 Bg7
15. Be2 O-O 16. c4 Re8 17. Bd4 Qh4 18. Bf2 Qf4 19. Rc1 Nd7 20. b4 a5 21. bxa5
Be5 22. g3 Qg5 23. Rb1 Nc5 24. Qc2 Rxa5 25. Bxc5 dxc5 26. Rxb7 Bxg3 27. hxg3
Qxg3+ 28. Kh1 Re3 29. Rb3 Rxa2 30. Qxa2 Rxb3 31. Qa8+ Kg7 32. Qa1+ Kh6 33. Qc1+
g5 34. Rf6+ Kg7 35. Rf2 Qxf2 36. Qxg5+ 1/2-1/2

[Event "52nd Sparkassen Open A"]
[Site "Dortmund GER"]
[Date "2025.08.02"]
[Round "1.10"]
[White "Liu, Yan"]
[Black "Berikkyzy Alanna"]
[Result "1-0"]
[WhiteTitle "GM"]
[BlackTitle "WFM"]
[WhiteElo "2531"]
[BlackElo "2162"]
[WhiteFideId "8608962"]
[BlackFideId "13780719"]
[EventDate "2025.08.02"]

1. c4 c5 2. g3 Nc6 3. Bg2 Nf6 4. Nc3 g6 5. Nf3 d6 6. d4 cxd4 7. Nxd4 Bd7 8. b3
Bg7 9. Nc2 h5 10. h4 Ng4 11. Bd2 O-O 12. O-O a6 13. Rc1 Rb8 14. Ne3 Nce5 15.
Ncd5 Bc6 16. Nxg4 Nxg4 17. Bg5 Bxd5 18. Qxd5 Nf6 19. Qd2 b5 20. Rfd1 Ng4 21. Bh3
Nf6 22. Be3 Kh7 23. b4 bxc4 24. Rxc4 d5 25. Rc6 e6 26. Bg2 Ra8 27. Rdc1 Ng4 28.
Bc5 Re8 29. f4 Qd7 30. Bb6 Rf8 31. Rc7 Qb5 32. Bc5 Kg8 33. e3 Rfc8 34. Bf1 Qe8
35. Rxc8 Qxc8 36. a4 Qb7 37. a5 Bf8 38. Bb6 Bd6 39. b5 axb5 40. Bxb5 Qe7 41. a6
Kh7 42. Qe2 e5 43. Bc6 Rc8 44. a7 Bc7 45. Bc5 Bd6 46. a8=Q Rxa8 47. Bxd6 Qxd6
48. Bxa8 Qa3 49. Rc8 Nxe3 50. fxe5 Nf5 51. Bxd5 Qxg3+ 52. Bg2 Qxh4 53. Qf2 Qa4
54. Rc1 Kg7 55. Re1 Qb3 56. Kh2 Nh6 57. Bh3 Qb8 58. Qf6+ Kh7 59. Rf1 1-0

[Event "52nd Sparkassen Open A"]
[Site "Dortmund GER"]
[Date "2025.08.02"]
[Round "1.11"]
[White "Reuter, Julian-Frank"]
[Black "Malek, Jan"]
[Result "1-0"]
[BlackTitle "GM"]
[WhiteElo "2162"]
[BlackElo "2526"]
[WhiteFideId "16256182"]
[BlackFideId "21864080"]
[EventDate "2025.08.02"]

1. Nf3 d5 2. g3 Nf6 3. Bg2 e6 4. O-O Bd6 5. d4 O-O 6. c4 Nc6 7. b3 dxc4 8. bxc4
e5 9. d5 Na5 10. Qc2 Qe7 11. e4 b6 12. Nbd2 Ba6 13. Bb2 c6 14. Rfc1 Rac8 15. Bh3
cxd5 16. Bxc8 Rxc8 17. exd5 Nxd5 18. Qa4 Nf6 19. c5 Bxc5 20. Bxe5 Bb7 21. Re1
Qe6 22. Rad1 Bc6 23. Qh4 Qf5 24. Bxf6 gxf6 25. Ne4 Kg7 26. Nd4 Bxd4 27. Rxd4 Re8
28. Re3 Nb7 29. Qf4 Qg6 30. h4 Re5 31. g4 Rh5 32. Qxf6+ Qxf6 33. Nxf6 Rxh4 34.
Nh5+ Kg8 35. f3 f5 36. Re7 Kf8 37. Rxh7 Bxf3 38. Rdd7 Rxg4+ 39. Kf2 Bc6 40.
Rdf7+ 1-0

[Event "52nd Sparkassen Open A"]
[Site "Dortmund GER"]
[Date "2025.08.02"]
[Round "1.12"]
[White "Cornette, Matthieu"]
[Black "Scholz, Benedict"]
[Result "1-0"]
[WhiteTitle "GM"]
[WhiteElo "2524"]
[BlackElo "2161"]
[WhiteFideId "620084"]
[BlackFideId "16274350"]
[EventDate "2025.08.02"]

1. e4 c5 2. Nf3 Nc6 3. Bb5 g6 4. Nc3 Bg7 5. d3 e5 6. Bg5 Nge7 7. h4 h6 8. Bxe7
Nxe7 9. Bc4 a6 10. a4 d6 11. h5 g5 12. Nd2 O-O 13. Nf1 Rb8 14. Ne3 Bd7 15. Ncd5
b5 16. axb5 axb5 17. Nxe7+ Qxe7 18. Bd5 Be6 19. Qf3 Kh8 20. g4 Bxd5 21. Nxd5 Qb7
22. O-O Ra8 23. Qf5 Rxa1 24. Rxa1 Qc8 25. Ra7 c4 26. Rc7 Qxf5 27. gxf5 cxd3 28.
cxd3 f6 29. Rb7 Ra8 30. Rxb5 Ra1+ 31. Kg2 Rd1 32. Rb8+ Kh7 33. b4 Rxd3 34. b5
Rd4 35. b6 Rxe4 36. b7 1-0

[Event "52nd Sparkassen Open A"]
[Site "Dortmund GER"]
[Date "2025.08.02"]
[Round "1.13"]
[White "Wolter, Detlev"]
[Black "Klimkowski, Jan"]
[Result "0-1"]
[BlackTitle "GM"]
[WhiteElo "2156"]
[BlackElo "2517"]
[WhiteFideId "4632974"]
[BlackFideId "21856222"]
[EventDate "2025.08.02"]

1. Nf3 Nf6 2. c4 e6 3. b3 d5 4. Bb2 Bd6 5. e3 O-O 6. Nc3 c6 7. d4 Ne4 8. Nxe4
dxe4 9. Nd2 f5 10. Qc2 c5 11. dxc5 Bxc5 12. a3 a5 13. Nb1 Bd7 14. Nc3 Bc6 15.
Ne2 Qe7 16. Nd4 e5 17. Nxc6 Nxc6 18. g3 Rad8 19. Be2 f4 20. Qxe4 fxe3 21. fxe3
Bb4+ 0-1

[Event "52nd Sparkassen Open A"]
[Site "Dortmund GER"]
[Date "2025.08.02"]
[Round "1.14"]
[White "Mardov, Dimitar"]
[Black "Maenken, Merlin"]
[Result "1-0"]
[WhiteTitle "IM"]
[WhiteElo "2512"]
[BlackElo "2157"]
[WhiteFideId "30919495"]
[BlackFideId "34618961"]
[EventDate "2025.08.02"]

1. Nf3 Nf6 2. g3 c5 3. Bg2 Nc6 4. c4 d5 5. cxd5 Nxd5 6. d4 cxd4 7. Nxd4 Ndb4 8.
Nxc6 Qxd1+ 9. Kxd1 Nxc6 10. Bxc6+ bxc6 11. b3 e5 12. Ba3 c5 13. Nd2 Bb7 14. f3
Be7 15. Kc2 O-O 16. Rhd1 Rfd8 17. Nc4 e4 18. f4 Kf8 19. Bb2 Ba6 20. Bc3 Rxd1 21.
Rxd1 Rd8 22. Rxd8+ Bxd8 23. Be5 Bxc4 24. bxc4 Bb6 25. f5 g6 26. g4 h5 27. fxg6
fxg6 28. gxh5 gxh5 29. Kd2 Kf7 30. Ke3 Ke6 31. Kxe4 Bd8 32. a4 a6 33. Bb8 Be7
34. Kf4 Bd8 35. e4 Be7 36. e5 Bh4 37. Bd6 Bf2 38. Kg5 h4 39. Kg4 Bg1 40. h3 Bf2
41. Kf4 Bd4 42. Ke4 Bf2 43. Bf8 Bd4 44. Bg7 Bf2 45. Bh8 Bg3 46. Bf6 Be1 47. Kf4
Bg3+ 48. Kg4 Bxe5 49. Bxh4 Bd4 50. Bg3 Be3 51. h4 Bd4 52. h5 Bf6 53. Bb8 Be7 54.
Kf4 Bf6 55. Ke4 Bg7 56. Bf4 Bh8 57. Be3 Kd6 58. Kf5 Kc6 59. Bg5 Bg7 60. h6 Bxh6
61. Bxh6 1-0

[Event "52nd Sparkassen Open A"]
[Site "Dortmund GER"]
[Date "2025.08.02"]
[Round "1.15"]
[White "Sommer, Justus"]
[Black "Deuer, Marius"]
[Result "0-1"]
[BlackTitle "IM"]
[WhiteElo "2130"]
[BlackElo "2487"]
[WhiteFideId "16245008"]
[BlackFideId "16236432"]
[EventDate "2025.08.02"]

1. e4 c6 2. d4 d5 3. Nd2 dxe4 4. Nxe4 Nf6 5. Nxf6+ exf6 6. Bc4 Bd6 7. Qe2+ Be7
8. Be3 O-O 9. O-O-O b5 10. Bb3 a5 11. a3 a4 12. Ba2 b4 13. axb4 Bxb4 14. Qc4 Qa5
15. c3 Bd6 16. d5 c5 17. Qd3 a3 18. b3 Bg4 19. Nf3 c4 20. bxc4 Nd7 21. Kd2 g6
22. Qd4 Bxf3 23. gxf3 Rfb8 24. Rb1 Bc5 25. Qe4 Bxe3+ 26. fxe3 Rb2+ 27. Rxb2 axb2
28. Bb1 Rc8 29. f4 Nb6 30. Bd3 Qa2 31. Rb1 f5 32. Qh1 Nxc4+ 33. Ke2 Na3 34. d6
Nxb1 35. Bxb1 Qa6+ 0-1

[Event "52nd Sparkassen Open A"]
[Site "Dortmund GER"]
[Date "2025.08.02"]
[Round "1.16"]
[White "Zwirs, Nico"]
[Black "Frank, Anton"]
[Result "1-0"]
[WhiteTitle "IM"]
[BlackTitle "CM"]
[WhiteElo "2436"]
[BlackElo "2148"]
[WhiteFideId "1036432"]
[BlackFideId "1752383"]
[EventDate "2025.08.02"]

1. Nf3 d5 2. d4 Nf6 3. e3 c5 4. Nbd2 Nbd7 5. b3 g6 6. Bb2 Bg7 7. c4 cxd4 8. Bxd4
O-O 9. Qc2 e5 10. Bb2 d4 11. exd4 exd4 12. O-O-O Ng4 13. Ne4 f5 14. Ng3 Nc5 15.
Bxd4 Bxd4 16. Rxd4 Qf6 17. h3 Ne5 18. Qb2 Nxf3 19. gxf3 Be6 20. Be2 a5 21. Rd6
Qe7 22. Qe5 Rac8 23. Rhd1 f4 24. Ne4 Rf5 25. Qd4 h6 26. Bd3 Nxd3+ 27. Rxd3 b5
28. c5 Kf7 29. Kb2 b4 30. Ra6 Rd5 31. Rxe6 Rxd4 32. Rxe7+ 1-0

[Event "52nd Sparkassen Open A"]
[Site "Dortmund GER"]
[Date "2025.08.02"]
[Round "1.17"]
[White "Winkler, Yonathan"]
[Black "Materia, Marco"]
[Result "1-0"]
[BlackTitle "IM"]
[WhiteElo "2148"]
[BlackElo "2500"]
[WhiteFideId "16266080"]
[BlackFideId "45150451"]
[EventDate "2025.08.02"]

1. e4 c5 2. Nf3 d6 3. d4 cxd4 4. Nxd4 Nf6 5. Nc3 Nc6 6. f3 e5 7. Nb3 Be7 8. Be3
O-O 9. Qd2 Be6 10. Nd5 a5 11. Bb6 Qd7 12. Bb5 Bd8 13. Bxa5 Bxd5 14. exd5 Bxa5
15. Nxa5 Rxa5 16. dxc6 Qc7 17. c4 d5 18. cxb7 e4 19. O-O dxc4 20. a4 Qb6+ 21.
Kh1 exf3 22. gxf3 Ra7 23. Rac1 Rd8 24. Qg5 h6 25. Qg3 Rxb7 26. Rxc4 Re7 27. Rg1
g6 28. Qh4 Kg7 29. Rc6 Qd4 30. Qxd4 Rxd4 31. Rgc1 Rb4 32. Rc7 Rxc7 33. Rxc7 Nd5
34. Rd7 Nf4 35. b3 Rxb3 36. Rxf7+ Kxf7 37. Bc4+ Ke7 38. Bxb3 g5 39. Bc4 h5 40.
Kg1 Kd6 41. a5 Ng6 42. Bf7 Nf4 43. Kf2 Kc5 44. a6 Kb6 45. Bc4 Ng6 46. Ke3 Ne5
47. Be2 Ng6 48. Ke4 Nf4 49. Bc4 Ng6 50. Bf1 Ka7 51. h3 Nh4 52. Be2 Kb6 53. Ke5
Nxf3+ 54. Bxf3 g4 55. Bxg4 1-0

[Event "52nd Sparkassen Open A"]
[Site "Dortmund GER"]
[Date "2025.08.03"]
[Round "2.1"]
[White "Bluebaum, Matthias"]
[Black "Rebentisch, Tom"]
[Result "1-0"]
[WhiteTitle "GM"]
[WhiteElo "2660"]
[BlackElo "2270"]
[WhiteFideId "24651516"]
[BlackFideId "16202627"]
[EventDate "2025.08.02"]

1. c4 e6 2. Nf3 d5 3. e3 Nf6 4. Nc3 Be7 5. b3 O-O 6. Bb2 b6 7. cxd5 exd5 8. d4
Bb7 9. Bd3 Nbd7 10. O-O a6 11. Ne2 Re8 12. Ng3 Ne4 13. Qc2 Ndf6 14. Nf5 Bf8 15.
Rac1 c5 16. Qb1 Rc8 17. dxc5 bxc5 18. Qa1 Qd7 19. Ng3 Qe6 20. Bxf6 Qxf6 21. Bxe4
Qxa1 22. Bxh7+ Kxh7 23. Rxa1 d4 24. Nd2 dxe3 25. fxe3 f6 26. Nc4 Rcd8 27. Rfd1
Kg6 28. Kf2 Be7 29. Ne2 Rh8 30. h3 Kf7 31. Rac1 g5 32. Ng3 Ke6 33. e4 Rh4 34.
Ke3 Bc6 35. Rd3 Bb7 36. Rcd1 Rxd3+ 37. Rxd3 Bc6 38. Rd1 Bb7 39. Nd2 Bd6 40. Nf5
Bf4+ 41. Kf3 Rh7 42. Nc4 Bc7 43. Nb2 Be5 44. Na4 Rc7 45. Rc1 Bd6 46. b4 c4 47.
Nxd6 Kxd6 48. Nc5 Bc6 49. Rxc4 f5 50. Ke3 Re7 51. Rd4+ Ke5 52. Nd3+ Ke6 53.
exf5+ Kxf5+ 54. Kf2 Bb5 55. a3 Rc7 56. Nc5 Re7 57. a4 Be2 58. Rd5+ Kg6 59. Rd6+
Kf7 60. Nxa6 1-0

[Event "52nd Sparkassen Open A"]
[Site "Dortmund GER"]
[Date "2025.08.03"]
[Round "2.2"]
[White "Ngo, Quang Thai"]
[Black "Kollars, Dmitrij"]
[Result "0-1"]
[WhiteTitle "FM"]
[BlackTitle "GM"]
[WhiteElo "2319"]
[BlackElo "2644"]
[WhiteFideId "12403768"]
[BlackFideId "12909572"]
[EventDate "2025.08.02"]

1. d4 Nf6 2. Bg5 c5 3. Bxf6 gxf6 4. d5 Qb6 5. Qc1 Bg7 6. c4 f5 7. Nc3 d6 8. e3
Nd7 9. Qc2 Nf6 10. Bd3 e6 11. Nge2 Bd7 12. O-O O-O 13. Rab1 Qd8 14. h3 Qe7 15.
Rfd1 Kh8 16. b4 cxb4 17. Rxb4 b6 18. Nd4 Rfc8 19. Qb3 Ne8 20. Nce2 Nc7 21. Qa3
Rg8 22. Rbb1 Be5 23. Nf3 Bf6 24. dxe6 fxe6 25. e4 Bc6 26. Bc2 Bxe4 27. Bxe4 fxe4
28. Nd2 Qg7 29. g3 d5 30. Nf1 d4 31. Qd6 d3 32. Nc1 Be5 33. Qc6 Qg6 34. Re1 d2
35. Nxd2 Bxg3 36. Nxe4 Be5+ 37. Kf1 Rac8 38. Nd3 Nd5 39. cxd5 Qg2+ 40. Ke2 Qxe4+
41. Kd2 Bf4+ 0-1

[Event "52nd Sparkassen Open A"]
[Site "Dortmund GER"]
[Date "2025.08.03"]
[Round "2.3"]
[White "Wagner, Dennis"]
[Black "Coenen, Michael"]
[Result "1-0"]
[WhiteTitle "GM"]
[BlackTitle "FM"]
[WhiteElo "2617"]
[BlackElo "2314"]
[WhiteFideId "24650684"]
[BlackFideId "4697367"]
[EventDate "2025.08.02"]

1. d4 Nf6 2. c4 e6 3. Nc3 d5 4. cxd5 exd5 5. Bg5 Be7 6. e3 h6 7. Bh4 O-O 8. Bd3
c6 9. Nge2 a5 10. O-O Na6 11. Rc1 Nh5 12. Bxe7 Qxe7 13. Qd2 Re8 14. Na4 Qb4 15.
Qc2 Qd6 16. a3 Nc7 17. Nb6 Ra7 18. Qc5 Qxc5 19. dxc5 Nf6 20. Nd4 Na8 21. Na4 g6
22. Rfe1 Nc7 23. f3 Ne6 24. g4 Nd7 25. Kf2 Ne5 26. Be2 Nf8 27. h3 Ned7 28. h4
Ne6 29. Nxe6 Rxe6 30. g5 h5 31. Rcd1 Re8 32. Bd3 Ne5 33. e4 dxe4 34. Bxe4 Ra8
35. Nb6 Rb8 36. Kg3 Be6 37. Bc2 Bd5 38. Nxd5 cxd5 39. Rxd5 Nc4 40. Rxe8+ Rxe8
41. Bb3 Ne3 42. Rd7 Nf5+ 43. Kf4 Re7 44. Rxe7 Nxe7 45. Ke5 Nf5 46. Bd5 Kf8 47.
Bxb7 Ke7 48. b4 axb4 49. axb4 Nxh4 50. b5 Nf5 51. b6 h4 52. Be4 Kd8 53. Bxf5
gxf5 54. Kd6 1-0

[Event "52nd Sparkassen Open A"]
[Site "Dortmund GER"]
[Date "2025.08.03"]
[Round "2.4"]
[White "Weidemann, Jakob"]
[Black "Ganguly, Surya Shekhar"]
[Result "0-1"]
[WhiteTitle "FM"]
[BlackTitle "GM"]
[WhiteElo "2285"]
[BlackElo "2566"]
[WhiteFideId "16255470"]
[BlackFideId "5002150"]
[EventDate "2025.08.02"]

1. e4 e5 2. Nf3 Nc6 3. Bc4 Nf6 4. d3 Bc5 5. O-O d6 6. c3 a5 7. Re1 Be6 8. Bb5
O-O 9. h3 Ba7 10. Nbd2 Ne7 11. Nf1 Ng6 12. Ng3 c6 13. Ba4 d5 14. exd5 Nxd5 15.
d4 exd4 16. Nxd4 Qc7 17. Bc2 Ndf4 18. Qf3 Rae8 19. Nh5 Nxh5 20. Qxh5 Bb8 21. Nf3
Bd5 22. Be3 Bxf3 23. Qxf3 Qh2+ 24. Kf1 Qh1+ 25. Ke2 Nf4+ 26. Kd2 Qxg2 27. Qxg2
Nxg2 28. Rg1 Nxe3 29. fxe3 Re5 30. Raf1 Rd8+ 31. Ke2 Rde8 32. e4 Rb5 33. b3 Rc5
34. c4 b5 35. Bd3 b4 36. Kd2 Be5 37. Rf3 g6 38. Kc2 Ra8 39. Rgf1 f6 40. Kb1 a4
41. bxa4 Rxa4 42. Bc2 Ra7 43. Rd1 Kg7 44. Bb3 h5 45. Rfd3 g5 46. Rd7+ Rxd7 47.
Rxd7+ Kh6 48. Rd8 g4 49. Rh8+ Kg7 50. Rxh5 g3 51. Rh4 Bb8 0-1

[Event "52nd Sparkassen Open A"]
[Site "Dortmund GER"]
[Date "2025.08.03"]
[Round "2.5"]
[White "Engel, Luis"]
[Black "Scholz, Christian"]
[Result "1-0"]
[WhiteTitle "GM"]
[BlackTitle "IM"]
[WhiteElo "2548"]
[BlackElo "2292"]
[WhiteFideId "12961523"]
[BlackFideId "4617150"]
[EventDate "2025.08.02"]

1. e4 c5 2. Nf3 d6 3. d4 cxd4 4. Nxd4 Nf6 5. Nc3 a6 6. h3 e5 7. Nb3 Be6 8. f4
exf4 9. Bxf4 Nc6 10. Qe2 Be7 11. O-O-O Qc7 12. g4 Rc8 13. g5 Nd7 14. h4 Nce5 15.
Bh3 Qc4 16. Qe3 b5 17. Kb1 O-O 18. Nd4 Bxh3 19. Qxh3 Rfe8 20. h5 Nb6 21. g6 Bf6
22. Nf5 Qb4 23. a3 Qc5 24. Nxd6 fxg6 25. hxg6 hxg6 26. Qh8# 1-0

[Event "52nd Sparkassen Open A"]
[Site "Dortmund GER"]
[Date "2025.08.03"]
[Round "2.6"]
[White "Yu, Zechen"]
[Black "Jumabayev, Rinat"]
[Result "0-1"]
[BlackTitle "GM"]
[WhiteElo "2297"]
[BlackElo "2556"]
[WhiteFideId "8649138"]
[BlackFideId "13702661"]
[EventDate "2025.08.02"]

1. e4 c5 2. Nf3 Nc6 3. Bb5 g6 4. O-O Bg7 5. Re1 e5 6. Bxc6 dxc6 7. a4 Qe7 8. Na3
Nf6 9. Nc4 Nd7 10. a5 O-O 11. d3 Rd8 12. Qe2 Nf8 13. Be3 f6 14. Rad1 Be6 15.
Nfd2 Bf7 16. c3 Ne6 17. Nf1 Qc7 18. h4 b5 19. axb6 axb6 20. h5 b5 21. Na3 Nf4
22. Qc2 Qd6 23. Bxf4 exf4 24. hxg6 hxg6 25. d4 Re8 26. Nh2 c4 27. Qd2 g5 28. Nc2
Bg6 29. f3 Rad8 30. Qf2 f5 31. e5 Qd7 32. Rc1 c5 33. Nf1 cxd4 34. cxd4 Bf8 35.
Red1 b4 36. Qd2 Qb7 37. Qe2 Bf7 38. g3 Qb6 39. Qf2 Re6 40. Ne1 Rh6 41. gxf4 gxf4
42. Ng2 Qg6 43. Nd2 Rh3 44. Kf1 c3 45. Nxf4 Rh1+ 46. Ke2 Qa6+ 47. Ke3 Rxd1 48.
Rxd1 Qb6 49. Nb1 Bc5 50. Ne2 f4+ 51. Kxf4 Qh6+ 52. Kg3 c2 53. Rg1 Be7 54. Nbc3
bxc3 55. bxc3 Be6 56. Qh2 Qxh2+ 57. Kxh2+ Kf7 58. Rc1 Bf5 59. Kg3 Ba3 60. Ra1
Bd3 61. Nf4 Bc4 0-1